000 03058cam a2200397 4500500
005 20251228051414.0
041 _afre
042 _adc
100 1 0 _aAllouch, Jean
_eauthor
245 0 0 _aARTICLE RETIRÉ : Freud embringué dans l'homosexualité féminine
260 _c2002.
500 _a29
520 _aRésuméLe cas d’homosexualité féminine publié par Freud en 1920 est ici remis dans son contexte historique, celui d’un Freud paternellement favorable à ladite homosexualité. On étudie de façon critique la façon dont Lacan, en 1962-1963, revisite ce cas désormais pris par lui comme pierre d’angle susceptible de faire valoir comment peuvent être dépassées les limites de l’analyse freudiennement conçue (le « complexe de castration »). Le passage à l’acte n’est alors plus tant pris pour sa valeur expressive (réalisation d’un fantasme d’accouchement) que comme un fait de structure exemplaire du rapport du sujet à l’objet petit a. Centré sur le transfert paternel imaginaire, Freud laisse tomber la jeune fille au lieu de se mettre en position d’être laissé tomber par elle en tant que petit a, en l’occurrence en tant que regard. L’enjeu est aussi politique : Freud confiait l’ ipa à sa fille lesbienne, cette même ipa qui est en train de juger la pratique de Lacan en 1962-1963.
520 _aThe case of female homosexuality published by Freud in 1920 is here put back into its historical context, that where we see Freud paternally favourable to the said homosexuality. We study critically the way Lacan, in 1962-63, comes back to consider this case, which he then took to be a cornerstone likely to represent how the limits of analysis conceived in a Freudian manner (the “castration complex”) can be surpassed. Acting-out is then no longer taken so much for its expressive value (realisation of a childbirth phantasm) as rather a fact of exemplary structure of the subject’s relation with the objet petit a. Centred on imaginary paternal transfer, Freud abandons the young girl to avoid putting himself in the position of being abandoned by her as petit a, in the event as sight. The issue at stake is also political: Freud entrusted the ipa to his lesbian daughter, the same ipa that now sits in judgement on Lacan’s practice in 1962-1963.
690 _aà l'acte
690 _aacting-out
690 _acastration
690 _aé
690 _aé féminine
690 _aobjet petit a
690 _aphallus
690 _apratique analytique
690 _apulsion
690 _atransfert
690 _aacting-out
690 _aanalytic practice
690 _acastration
690 _afemale homosexuality
690 _ainstinct
690 _aobjet petit a
690 _apaternity
690 _aphallus
690 _atransfer
786 0 _nCliniques méditerranéennes | 65 | 1 | 2002-03-01 | p. 105-130 | 0762-7491
856 4 1 _uhttps://shs.cairn.info/revue-cliniques-mediterraneennes-2002-1-page-105?lang=fr&redirect-ssocas=7080
999 _c1581814
_d1581814